000 00605nam a2200181Ia 4500
003 OSt
005 20240509102229.0
008 210210b1985 xxu||||| |||| 00| 0 eng d
040 _cAL
082 _a330.95487K RAMS
100 _aRAMESH (B G)
_9163868
245 _aSampanmulagalu mattu kaigarikavakashagalu: Kodagu Jille
_bಸಂಪನ್ಮೂಲಗಳು ಮತ್ತು ಕೈಗಾರಿಕಾವಕಾಶಗಳು: ಕೊಡಗು ಜಿಲ್ಲೆ
260 _aBengaluru
_bA B H Prakashana
_c1985
300 _a48
690 _aEconomic Geography
_9163869
906 _a038863
942 _2ddc
_cBK
999 _c89027
_d89027